| 000 | 01890cas a2200505 a 4500 | ||
|---|---|---|---|
| 001 | 11418718 | ||
| 003 | OSt | ||
| 005 | 20120111101123.0 | ||
| 007 | t| | ||
| 008 | 930601c19939999ug fr p bg 0 a0eng c | ||
| 010 |
_a 93642877 _zsn 93026746 |
||
| 022 | 0 |
_a1021-8858 _20 |
|
| 035 | _a(OCoLC)ocm28188312 | ||
| 037 | _bThe Human Rights and Peace Centre, Faculty of Law, Makerere University, P.O. Box 7062, Kampala, Uganda | ||
| 040 |
_aFU _cFU _dNSDP _dDLC _dInU _dMH _dOCoLC _dMBNU-L _dOCoLC |
||
| 042 |
_apcc _ansdp |
||
| 043 | _af------ | ||
| 050 | 0 | 0 |
_aK5 _b.A75 |
| 050 | 1 | 4 |
_aKQC572.A13 _bE27 |
| 082 | 0 | 0 |
_a341.481 _220 |
| 210 | 0 | _aEast Afr. j. peace hum. rights | |
| 222 | 0 | _aEast African journal of peace & human rights | |
| 245 | 0 | 0 | _aEast African journal of peace & human rights. 1999 Vol.5, No.2 |
| 246 | 3 | _aEast African journal of peace and human rights | |
| 260 |
_aKampala, Uganda : _bMakerere University, Human Rights and Peace Centre, _c1993- |
||
| 300 |
_av. ; _c26 cm. |
||
| 310 | _aSemiannual | ||
| 362 | 0 | _aVol. 1, no. 1- | |
| 500 | _aTitle from cover. | ||
| 500 | _aLatest issue consulted: Vol. 4, no. 1, published 1998. | ||
| 504 | _aIncludes bibliographical references. | ||
| 590 | _aSERBIB/SERLOC merged record | ||
| 650 | 0 |
_aHuman rights _zAfrica _vPeriodicals. _96446 |
|
| 650 | 0 |
_aInternational law _zAfrica _vPeriodicals. _96447 |
|
| 650 | 0 |
_aPeace _vPeriodicals. _96448 |
|
| 651 | 0 |
_aAfrica _xPolitics and government _vPeriodicals. _96449 |
|
| 710 | 2 |
_aMakerere University. _bHuman Rights and Peace Centre. _96450 |
|
| 906 |
_a7 _bcbc _cserials _d2 _encip _f19 _gn-oclcserc |
||
| 942 |
_2ddc _cLRT |
||
| 999 |
_c5026 _d5026 |
||